00438nam a2200145 i 450000100060000000300090000600500170001500700030003200800410003510000260007624500610010226000480016330000470021185200340025846924ES-MaACL20230906161454.0t|030402s1945 ag ||||1| spa d1 aConstantineau, Albet.10aTratado de la doctrina de facto / cAlbet Constantineau. aBuenos Aires : bDepalma, c1945 (fAlamos) a2 v., 1 lám. : b1 retr. aut. ; c24 cm. aES-MaACLjF-5675-76 bR.22733